| 000 | 00500nam a2200169Ia 4500 | ||
|---|---|---|---|
| 008 | 240729s9999 xx 000 0 und d | ||
| 022 | _a2192-4384 | ||
| 245 | 0 | _aEURO Journal on Transportation and Logistics | |
| 260 | _aNetherlands | ||
| 260 | _bElsevier | ||
| 650 | _a Engineering (General). Civil engineering (General) | ||
| 650 | _a Transportation engineering | ||
| 650 | _aTechnology | ||
| 856 | _uhttps://doaj.org/toc/8a875efbd2bd46718efffeabeb177124 | ||
| 942 | _2ddc | ||
| 942 | _cDOAJEJ | ||
| 999 |
_c66429 _d66429 |
||
| 945 |
_a1 _bMadushi Gamage _c1 _dMadushi Gamage |
||